Graphics of large datasets : visualizing a million

Αποθηκεύτηκε σε:
Λεπτομέρειες βιβλιογραφικής εγγραφής
Κύριος συγγραφέας: Unwin, Antony
Άλλοι συγγραφείς: Theus, Martin, Hofmann, Heike
Μορφή: Βιβλίο
Γλώσσα:English
Δημοσίευση: New York : Springer, c2006
Σειρά:Statistics and computing
Θέματα:
Ετικέτες: Προσθήκη ετικέτας
Δεν υπάρχουν, Καταχωρήστε ετικέτα πρώτοι!

MARC

LEADER 00000cam a2200000 i 4500
001 1/64016
008 071122s2006 eng d
020 |a 978-0387-32906-2 
020 |a 0-387-32906-4 
035 |l 10092469 
040 |a GR-MY-UA  |b gre  |e aacr 
041 0 |a eng 
082 0 |a 519.50285  |2 (22) 
100 1 |a Unwin, Antony. 
245 1 0 |a Graphics of large datasets :  |b visualizing a million /  |c Antony Unwin, Martin Theus, Heike Hofmann 
260 |a New York :   |b Springer,   |c c2006 
300 |a xiii, 271 σ.;  |b εικ. (μερικές εγχρ.);  |c 25 εκ. 
490 1 |a Statistics and computing 
504 |a Περιέχει βιβλιογραφικές παραπομπές (σ. [251]-261) και ευρετήριο 
650 0 0 |a Statistics  |x Graphic methods. 
650 0 0 |a Computer graphics. 
700 1 |a Theus, Martin. 
700 1 |a Hofmann, Heike. 
830 0 |a Statistics and computing 
852 |a INST  |b SAMOS  |e 20071122  |h 519.50285 UNW  |p 005300027755  |q 005300027755  |t BK  |y 0 
901 |a BIBL3-2007-3 
909 |a Σ  |b 140280 
922 |a 3ΕΛΗ  |b 200711  |c ΕΠΕΑΕΚ2/ΤΣΑΕ  |d ΠΑΠΑΣΩΤΗΡΙΟΥ 
970 |a ΡΟΥΣΣΟΥ  |b ΚΩΝΣΤΑΝΤΙΝΑ  |z 2007/11/22